000 00844nam a2200253Ia 4500
003 OSt
005 20221005111702.0
006 a|||||r|||| 00| 0
007 ta
008 221004b |||||||| |||| 00| 0 hin d
024 _a31767
037 _cTextual
040 _aCRL
_cCRL
_bhin
041 _2hin
_ahin
082 _aQ1k, 152K3
100 _aसूर्यकान्त
245 0 _aवैदिक कोश
_b वैदिक विषयों एवं नामों का
246 _aVaidik kosha: vaidik viṣhayoan evan nāmoan kā
260 _aबनारस
_bवैदिक रिसर्च समिति भारत
_c1963
300 _a596पृ.
_ccm.
650 _aधर्म
942 _hQ1k, 152K3
_cTEXL
_2cc
999 _c1022583
_d1022583